Maternal and child care in Maharashtra : (Record no. 16917)
[ view plain ]
| 000 -LEADER | |
|---|---|
| fixed length control field | 00557nam a2200145Ia 4500 |
| 082 ## - DEWEY DECIMAL CLASSIFICATION NUMBER | |
| Classification number | RK.0104 |
| 100 ## - MAIN ENTRY--AUTHOR NAME | |
| Personal name | Khandekar, Mandakini |
| 245 #0 - TITLE STATEMENT | |
| Title | Maternal and child care in Maharashtra : |
| Sub Title | Secondary analysis of NSS 28th round data for Maharashtra on maternal and childcare |
| 260 ## - PUBLICATION, DISTRIBUTION, ETC. (IMPRINT) | |
| Year of publication | 1980 |
| Name of publisher | ICSSR, New Delhi |
| 300 ## - PHYSICAL DESCRIPTION | |
| Number of Pages | 140,59p. |
| 650 ## - SUBJECT ADDED ENTRY--TOPICAL TERM | |
| Topical Term | MATERNAL AND INFANT WELFARE - MAHARASHTRA |
| 650 ## - SUBJECT ADDED ENTRY--TOPICAL TERM | |
| Topical Term | CHILDREN - HEALTH AND HYGIENE - MAHARASHTRA |
| 710 ## - ADDED ENTRY--CORPORATE NAME | |
| Corporate name or jurisdiction name as entry element | Tata Institute of Social Sciences, Bombay, Unit for Child and Youth Research |
| 942 ## - ADDED ENTRY ELEMENTS (KOHA) | |
| Koha item type | Research Reports |
| Source of classification or shelving scheme | Dewey Decimal Classification |
| Withdrawn status | Lost status | Damaged status | Not for loan | Collection code | Home library | Current library | Date acquired | Full call number | Accession Number | Price effective from | Koha item type |
|---|---|---|---|---|---|---|---|---|---|---|---|
| Not For Loan | ICSSR Research Project Reports | NASSDOC Library | NASSDOC Library | 08/10/2004 | RK.0104 | 13675 | 18/04/2019 | Research Reports |
